Coś w ścianie - Statystyki

Ogólne statystyki
  • Ten quiz został rozwiązany 5 razy
  • Średni wynik to 2 z 13
Statystyki odpowiedzi
Odpowiedź % Poprawnych
okno
75%
cegła
25%
kabel
25%
rura
25%
belki
0%
cement
0%
dzwi
0%
instalacje
0%
potwór
0%
potwór
0%
styropian
0%
wełna
0%
zchowki
0%
Nie znaleziono quizów pasujących do podanych kryteriów
Rozkład punktacji
Procent ludzi z każdym wynikiem
Percentyl według liczby udzielonych odpowiedzi
Twoja historia wyników
Nie rozwiązałeś tego quizu